000 00551nam a22001817a 4500
005 20250109123655.0
010 _aB-761644
020 _a9789355019134
_c485.00
035 _aB-761644
037 _bGift
082 _a510
100 _aKhandelwal, Sheela
_976221
245 _aS. Chands's Smart Maths;
_bA Complete Course In Mathematics Class 3/
_cSheela Khandelwal
260 _aNew Delhi
_bS. Chand
_c2024
300 _a228p.
_c28cm(pb)
942 _2ddc
_cCH
_h510
_mKHA
999 _c208278
_d208278